Mortgage demand remains strong (Record no. 68127)

MARC details
000 -LEADER
fixed length control field 00860cam a2200205 4500
001 - CONTROL NUMBER
control field WB3732-21
008 - FIXED-LENGTH DATA ELEMENTS--GENERAL INFORMATION
fixed length control field 010830n2001 000 0 eng u
035 ## - SYSTEM CONTROL NUMBER
System control number (Sirsi) u114394
245 ## - TITLE STATEMENT
Title Mortgage demand remains strong
260 ## - PUBLICATION, DISTRIBUTION, ETC.
Date of publication, distribution, etc. 2001
490 ## - SERIES STATEMENT
Series statement Major British Banking Groups' Press Release
Volume/sequential designation 28 August 2001, (2)
520 ## - SUMMARY, ETC.
Summary, etc. Latest figures from the Major British Banking Group (MBBG) indicate that mortgage demand remains strong. In July 2001, gross mortgage lending by the MBBG totalled £10,979m, compared with £10,350m in June 2001. However, looking ahead, the BBA's chief executive warns the figures suggest mortgage demand may be peaking.
590 ## - LOCAL NOTE (RLIN)
Local note WB
650 ## - SUBJECT ADDED ENTRY--TOPICAL TERM
Topical term or geographic name entry element MORTGAGES
650 ## - SUBJECT ADDED ENTRY--TOPICAL TERM
Topical term or geographic name entry element DEMAND
650 ## - SUBJECT ADDED ENTRY--TOPICAL TERM
Topical term or geographic name entry element LENDING
650 ## - SUBJECT ADDED ENTRY--TOPICAL TERM
Topical term or geographic name entry element CONSUMER CREDIT
690 ## - LOCAL SUBJECT ADDED ENTRY--TOPICAL TERM (OCLC, RLIN)
Topical term or geographic name as entry element MANAGEMENT-BUSINESS MANAGEMENT-FINANCIAL MANAGEMENT
942 ## - ADDED ENTRY ELEMENTS (KOHA)
Suppress in OPAC 0
Holdings
Withdrawn status Lost status Source of classification or shelving scheme Damaged status Not for loan Home library Current library Shelving location Date acquired Total Checkouts Full call number Barcode Date last seen Copy number Price effective from Koha item type
    Dewey Decimal Classification     London London News article 30/08/2001   WB3732-21 114394-1001 06/08/2019 1 06/08/2019 News article